Classifica Serie B 2011-2012 - Statistics

Statistiche generali
  • Questo quiz è stato fatto 37 volte
  • Il punteggio medio è 17 su 22
Statistiche sulle risposte
Squadra Punti Vinte Pareggiate Perse Gol fatti Gol subiti % Corretto
Modena 52 12 16 14 50 58
89%
Pescara 83 26 5 11 90 55
89%
Brescia 57 15 12 15 48 50
85%
Cittadella 48 13 9 20 51 64
85%
Livorno 48 12 12 18 49 49
85%
Sassuolo 80 22 14 6 57 33
85%
Bari 50 14 14 14 47 48
81%
Crotone 52 13 15 14 60 58
81%
Empoli 47 12 11 19 48 59
81%
Hellas Verona 78 23 9 10 60 41
81%
Padova 63 18 9 15 56 58
81%
Reggina 55 14 13 15 63 59
81%
Sampdoria 67 17 16 9 53 34
81%
Torino 83 24 11 7 57 28
81%
Vicenza 44 10 14 18 43 61
81%
Varese 71 20 11 11 57 41
74%
Ascoli 49 15 11 16 47 50
67%
Grosseto 49 11 16 15 47 60
67%
Nocerina 40 10 10 22 52 71
63%
Gubbio 32 7 11 24 37 69
59%
AlbinoLeffe 30 6 12 24 39 69
56%
Juve Stabia 57 16 13 13 53 49
56%
Nessun quiz corrispondente trovato
Distribuzione punteggi
Percentuale di utenti per punteggio
Percentile per numero di risposta
I tuoi punteggi nel tempo
Non hai fatto questo quiz